000 01500nam a2200445 i 4500
001 32641
003 KOSZ 005
005 20230119101857.0
008 980227s1997 pl a |000 0 eng
015 _aUWD 2000/8968
020 _a8387270563
035 _a991012395699705066
035 _a(PL-WaBN)b13356239-48omnis_nlop
035 _ab13356239
035 _a(OCoLC)750502284
035 _axx001335787
035 _a(PL)b0000001335623
035 _a(EXLNZ-48OMNIS_NETWORK)9910485461205606
040 _aKR U
_dWA N
_dKOSZ 005/HR
_cKR U
041 0 _aeng
046 _k1997
080 _a339.727(4-191.2-11)"1989/..."
245 0 0 _aTendency of Europe towards East and the participation of FDI in Eastern Europe /
_ced. Ewa Bojar, Egbert Wever.
260 _aLublin ;
_aUtrecht :
_bTechnical University,
_c1997.
300 _a111, [1] s. :
_bil., mapy ;
_c24 cm.
336 _aTekst
_btxt
_2rdacontent
337 _aBez urządzenia pośredniczącego
_bn
_2rdamedia
338 _aWolumin
_bnc
_2rdacarrier
380 _aKsiążki
388 _a1901-2000
388 _a1989-2000
650 7 _aInwestycje zagraniczne
_2DBN
651 7 _aEuropa Środkowo-Wschodnia
658 _aGospodarka, ekonomia, finanse
700 1 _aBojar, Ewa
_d(1949- )
_eRedakcja
700 1 _aWever, Egbert
_eRedakcja
856 _uhttp://koha.tu.koszalin.pl/cgi-bin/koha/opac-detail.pl?biblionumber=32641
_yKatalog online BPK
942 _2UKD
_cKS
999 _c32641
_d32641